Casete nacional. Exposición de carátulas chilenas.

Spremljeno u:
Bibliografski detalji
Daljnji autori: Bristilo Cañón, Jaime (Urednik), Naranjo Ríos, Miguel (Urednik)
Format: Nepoznato
Jezik:engleski
Izdano: Santiago, Chile: Ediciones Tácitas, 2022.
Izdanje:Primera edición.
Teme:
Oznake: Dodaj oznaku
Bez oznaka, Budi prvi tko označuje ovaj zapis!

MARC

LEADER 00000 a2200000 4500
003 CL-VaPUC
005 20240328123113.0
008 240126t2022 ||||| |||| 00| 0 eng d
999 |c 443030  |d 443028 
020 |a 978-956-379-081-8 
040 |c Pontificia Universidad Católica de Valparaíso 
082 |2 22  |a 745.2 BRI 2022 
100 |a Bristilo Cañón, Jaime  |9 887340  |e editor 
245 |a Casete nacional.   |b Exposición de carátulas chilenas.  
250 |a Primera edición. 
260 |a Santiago, Chile:  |b Ediciones Tácitas,  |c 2022. 
300 |a 318 páginas: ilustraciones. 
583 |k GC  |c 20240126 
650 0 |9 887347  |a Casetes  |v Diseño de carátulas  |x Música, documentales, etc.  |z Chile  
700 |9 887346  |a Naranjo Ríos, Miguel   |e editor 
942 |2 ddc  |c BK 
952 |0 0  |1 0  |2 ddc  |4 0  |6 745_200000000000000_BRI_2022  |7 0  |8 A  |9 593449  |a BIBART  |b BIBART  |c GEN  |d 2024-01-26  |e 11  |g 22000.00  |i 5660101  |o 745.2 BRI 2022  |p 5660101  |r 2025-03-13  |t 1  |v 22000.00  |w 2024-01-26  |y BK  |k ART